| 000 | 01020nam a22002177a 4500 | ||
|---|---|---|---|
| 999 |
_c64729 _d64729 |
||
| 005 | 20260220120333.0 | ||
| 008 | s2554 th ||||| |||| 00| 0 tha d | ||
| 020 | _a9789743505522 | ||
| 040 | _aNALT | ||
| 050 | _aDS589.U2 ว321ช 2554 | ||
| 100 | 0 | _aแสงเดือน จันทร์ศิริศรี | |
| 245 | 1 | 0 | _aชิม กิน เที่ยว อุบล ยลงานเทียน |
| 260 | 3 |
_aกรุงเทพฯ : _bสปริง แพลนเนต, _c2554 |
|
| 300 |
_a250 หน้า : _b ภาพประกอบ ; _c 21 ซม. |
||
| 650 | 0 | 4 | _aอุบลราชธานี -- ความเป็นอยู่และประเพณี |
| 650 | 0 | 4 | _aอุบลราชธานี -- ภูมิประเทศและการท่องเที่ยว |
| 850 | _aNALT | ||
| 856 | 4 | 0 |
_uhttps://hdl.handle.net/20.500.14156/411758 _71 |
| 942 |
_cGB _02 _2lcc |
||
| 998 |
_j8 _k นายบัณฑิต อุทาวงค์ |
||